| 000 | 00379 a2200109 4500 | ||
|---|---|---|---|
| 001 | ART_10207 | ||
| 005 | 20260410161848.0 | ||
| 008 | 260409a | ||
| 245 | 1 | 0 | _aUn teorema sobre la relación de estabilidad Hicksiana y la verdadera estabilidad dinámica |
| 100 | 1 | _aFernandez Pol, Jorge E. | |
| 773 | 0 |
_tEconómica _g- Año XVI, Nº 2 (may./ago. 1970) _wREV7541 |
|
| 999 |
_c24727 _d24727 |
||